Mas alla de la estabilidad (Registro nro. 6725)

Detalles MARC
000 -LEADER
fixed length control field 01273 a2200193 4500
001 - CONTROL NUMBER
control field 59519
005 - DATE AND TIME OF LATEST TRANSACTION
control field 20260407155849.0
008 - FIXED-LENGTH DATA ELEMENTS--GENERAL INFORMATION
fixed length control field 260407a1995 arg spa d
003 - CONTROL NUMBER IDENTIFIER
control field AR-UNSa-BCEJYS
040 ## - CATALOGING SOURCE
Original cataloging agency AR-UNSa-BCEJYS
Language of cataloging spa
Transcribing agency AR-UNSa-BCEJYS
080 ## - UNIVERSAL DECIMAL CLASSIFICATION NUMBER
Universal Decimal Classification number 330(82)
Common auxiliary subdivision Economia Argentina
100 1# - MAIN ENTRY--PERSONAL NAME
Personal name Bustos, Pablo
245 10 - TITLE STATEMENT
Title Mas alla de la estabilidad
Name of part/section of a work Argentina en la época de la globalización y la regionalización
264 #1 - PRODUCTION, PUBLICATION, DISTRIBUTION, MANUFACTURE, AND COPYRIGHT NOTICE
Place of production, publication, distribution, manufacture Buenos Aires :
Name of producer, publisher, distributor, manufacturer Fundación Friedrich Ebert
Date of production, publication, distribution, manufacture, or copyright notice 1995
300 ## - PHYSICAL DESCRIPTION
Extent 328 p.
Dimensions 23 cm.
505 ## - FORMATTED CONTENTS NOTE
Formatted contents note 1. Argentina: ¿Nuevo capitalismo emergente? – 2. Un ensayo sobre la política económica después de la estabilización – 3. La industria argentina, un proceso de reestructuración desarticulada – 4. Grandes grupos económicos en la Argentina. Formas de propiedad y lógicas de expansión – 5. Las economías regionales: un proceso de decadencia estructural – 6. Reconversión productiva y empleo en Argentina – 7. Baja inflación, reactivación y mayor desempleo ¿paradoja o mala praxis? – 8. Estabilización, ajuste estructural y política social. Los inocentes son culpables – 9. Antes y después de la unión aduanera del Mercosur prioridades de política
590 ## - LOCAL NOTE (RLIN)
Local note niveau_biblio:m niveau_hierar:0
942 ## - ADDED ENTRY ELEMENTS (KOHA)
Koha item type
Existencias
Withdrawn status Lost status Damaged status Not for loan Home library Current library Shelving location Date acquired Total checkouts Full call number Barcode Date last seen Price effective from Koha item type
        Biblioteca Prof. Eusebio Cleto del Rey Biblioteca Prof. Eusebio Cleto del Rey   07/04/2026   330(82) B982 L69859 07/04/2026 07/04/2026 Libro